Vấn đề sử dụng các thành ngữ trong văn xuôi của L.Tônxtôi và các phương thức truyền đạt chúng sang tiếng Việt /
Guardat en:
| Autor principal: | |
|---|---|
| Format: | Llibre |
| Publicat: |
Tri thức,
2009.
|
| Matèries: | |
| Etiquetes: |
Afegir etiqueta
Sense etiquetes, Sigues el primer a etiquetar aquest registre!
|
| Thư viện lưu trữ: | Mạng thư viện Đại học Đà Nẵng |
|---|
| LEADER | 00733nam a22002171a 4500 | ||
|---|---|---|---|
| 001 | 000034552 | ||
| 003 | 10754 | ||
| 005 | 20220523084328.0 | ||
| 008 | 151027s2009 000 N | ||
| 082 | |a 491.730 |b DƯ-C | ||
| 100 | |a Dương Quốc Cường | ||
| 245 | 0 | |a Vấn đề sử dụng các thành ngữ trong văn xuôi của L.Tônxtôi và các phương thức truyền đạt chúng sang tiếng Việt / |c Dương Quốc Cường. | |
| 260 | |a Tri thức, |c 2009. | ||
| 300 | |a 268tr. : mh ; 20cm. | ||
| 650 | |a Dương Quốc Cường, 2009, văn xuôi, văn hóa | ||
| OWN | |a LNN | ||
| 999 | |a From the UDN01 | ||
| TYP | |a Monograph | ||
| 980 | |a Mạng thư viện Đại học Đà Nẵng | ||